| 000 | 02902fam a2200361 a 4500 | ||
|---|---|---|---|
| 001 | 2247099 | ||
| 003 | ARRUPE | ||
| 005 | 20150128161802.0 | ||
| 008 | 980813s1999 nyu b 001 0 eng | ||
| 010 | _a 98037113 | ||
| 020 | _a0465056733 | ||
| 035 | _a(OCoLC)39837796 | ||
| 035 | _a(OCoLC)ocm39837796 | ||
| 035 | _a(NNC)2247099 | ||
| 040 |
_aDLC _cDLC _dNNC _dOrLoB-B |
||
| 050 | 0 | 0 |
_aBD418.3 _b.L35 1999 |
| 082 | 0 | 0 |
_a128 _221 |
| 100 | 1 |
_aLakoff, George. _914688 |
|
| 245 | 1 | 0 |
_aPhilosophy in the flesh : _bthe embodied mind and its challenge to western thought / _cby George Lakoff and Mark Johnson. |
| 260 |
_aNew York : _bBasic Books, _c1999. |
||
| 263 | _a9901 | ||
| 300 |
_axiv, 624 p. : _bill. ; _c25 cm. |
||
| 504 | _aIncludes bibliographical references (p. 584-601) and index. | ||
| 505 | 0 | 0 |
_gPt. I. _tHow the Embodied Mind Challenges the Western Philosophical Tradition. _g1. _tIntroduction: Who Are We? _g2. _tThe Cognitive Unconscious. _g3. _tThe Embodied Mind. _g4. _tPrimary Metaphor and Subjective Experience. _g5. _tThe Anatomy of Complex Metaphor. _g6. _tEmbodied Realism: Cognitive Science Versus A Priori Philosophy. _g7. _tRealism and Truth. _g8. _tMetaphor and Truth -- _gPt. II. _tThe Cognitive Science of Basic Philosophical Ideas. _g9. _tThe Cognitive Science of Philosophical Ideas. _g10. _tTime. _g11. _tEvents and Causes. _g12. _tThe Mind. _g13. _tThe Self. _g14. _tMorality -- _gPt. III. _tThe Cognitive Science of Philosophy. _g15. _tThe Cognitive Science of Philosophy. _g16. _tThe Pre-Socratics: the Cognitive Science of Early Greek Metaphysics. _g17. _tPlato. _g18. _tAristotle. _g19. _tDescartes and the Enlightenment Mind. _g20. _tKantian Morality. _g21. _tAnalytic Philosophy. _g22. _tChomsky's Philosophy and Cognitive Linguistics. _g23. _tThe Theory of Rational Action. _g24. _tHow Philosophical Theories Work -- |
| 505 | 8 | 0 |
_gPt. IV. _tEmbodied Philosophy. _g25. _tPhilosophy in the Flesh. _gApp. _tThe Neural Theory of Language Paradigm. |
| 520 | _aLakoff and Johnson show that a philosophy responsible to the science of mind offers radically new and detailed understandings of what a person is. After first describing the philosophical stance that must follow from taking cognitive science seriously, they re-examine the basic concepts of the mind, time, causation, morality, and the self: then they rethink a host of philosophical traditions, from the classical Greeks through Kantian morality through modern analytic philosophy. | ||
| 520 | 8 | _aThey reveal the metaphorical structure underlying each mode of thought and show how the metaphysics of each theory flows from its metaphors. Finally, they take on two major issues of twentieth-century philosophy: how we conceive rationality, and how we conceive language. | |
| 650 | 0 |
_aPhilosophy of mind. _914689 |
|
| 650 | 0 |
_aCognitive science. _92345 |
|
| 700 | 1 |
_aJohnson, Mark, _d1949- _914690 |
|
| 900 | _bTOC | ||
| 942 |
_2lcc _cMONOGRAPH |
||
| 999 |
_c121911 _d121911 |
||